Open space kancelárie - prežitok alebo nevyhnutnosť?
Open space kancelárie - charakteristika a typy. Veľkosť pracovnej plochy v open space kanceláriách. Open space kancelárie z pohľadu zamestnávateľa. Open space kancelárie z pohľadu zamestnanca.
Guardado en:
| Autor principal: | |
|---|---|
| Formato: | Capítulo de libro |
| Lenguaje: | eslovaco |
| Materias: | |
| Etiquetas: |
Sin Etiquetas, Sea el primero en etiquetar este registro!
|
MARC
| LEADER | 00000naa a2200000 4500 | ||
|---|---|---|---|
| 001 | 0269128 | ||
| 005 | 20240502074220.7 | ||
| 041 | 0 | |a slo | |
| 044 | |a SK | ||
| 245 | 1 | 0 | |a Open space kancelárie - prežitok alebo nevyhnutnosť? |c Cecília Olexová |
| 520 | |a Open space kancelárie - charakteristika a typy. Veľkosť pracovnej plochy v open space kanceláriách. Open space kancelárie z pohľadu zamestnávateľa. Open space kancelárie z pohľadu zamestnanca. | ||
| 610 | 2 | 0 | |a kancelárie |
| 610 | 2 | 0 | |a zamestnávatelia |
| 610 | 2 | 0 | |a zamestnanie |
| 610 | 2 | 0 | |a prostredie pracovné |
| 100 | 1 | |a Olexová, Cecília, 1976- | |